An annotated bibliography of cotton research at the Southern Utilization Research and Development Division / (Record no. 11854)

MARC details
000 -LEADER
fixed length control field 01106cam a22002771a 4500
001 - CONTROL NUMBER
control field agr62000467
003 - CONTROL NUMBER IDENTIFIER
control field DLC
005 - DATE AND TIME OF LATEST TRANSACTION
control field 20260227111022.0
008 - FIXED-LENGTH DATA ELEMENTS--GENERAL INFORMATION
fixed length control field 780421s1962 dcu b f001 0 eng
010 ## - LIBRARY OF CONGRESS CONTROL NUMBER
LC control number agr62000467
035 ## - SYSTEM CONTROL NUMBER
System control number (OCoLC)3819508
040 ## - CATALOGING SOURCE
Original cataloging agency DLC
Transcribing agency IPAR
Modifying agency DNAL
-- DLC
042 ## - AUTHENTICATION CODE
Authentication code premarc
050 00 - LIBRARY OF CONGRESS CALL NUMBER
Classification number S21
Item number .A46 no. 893
070 0# - NATIONAL AGRICULTURAL LIBRARY CALL NUMBER
Classification number 1
Item number Ag84M no.893
072 0# - SUBJECT CATEGORY CODE
Subject category code S200
-- A500
100 1# - MAIN ENTRY--PERSONAL NAME
Personal name Jones, Marie A.,
Dates associated with a name 1904-
245 13 - TITLE STATEMENT
Title An annotated bibliography of cotton research at the Southern Utilization Research and Development Division /
Statement of responsibility, etc. by Marie A. Jones.
260 ## - PUBLICATION, DISTRIBUTION, ETC.
Place of publication, distribution, etc. Washington, D.C. :
Name of publisher, distributor, etc. Agricultural Research Service, U.S. Dept. of Agriculture,
Date of publication, distribution, etc. 1962.
300 ## - PHYSICAL DESCRIPTION
Extent v, 106 p. ;
Dimensions 26 cm.
490 1# - SERIES STATEMENT
Series statement Miscellaneous publication / United States Department of Agriculture ;
Volume/sequential designation no. 893
500 ## - GENERAL NOTE
General note Includes index.
650 #0 - SUBJECT ADDED ENTRY--TOPICAL TERM
Topical term or geographic name entry element Cotton
General subdivision Research
Form subdivision Bibliography.
710 1# - ADDED ENTRY--CORPORATE NAME
Corporate name or jurisdiction name as entry element United States.
Subordinate unit Agricultural Research Service.
-- Southern Utilization Research and Development Division.
830 #0 - SERIES ADDED ENTRY--UNIFORM TITLE
Uniform title Miscellaneous publication (United States. Department of Agriculture) ;
Volume/sequential designation no. 893.

No items available.

Powered by Koha